Viajero número 5 /

Primer libro de poesía de Rodrigo Alemany (1969), escritor chileno afincado en la ciudad de México y quien ha publicado en la Gaceta del Fondo de Cultura Económica, Los Universitarios y Comala. Hoy día, es colaborador en la sección cultural del diario el Financiero.

Shranjeno v:
Bibliografske podrobnosti
Glavni avtor: Alemany, Rodrigo (autor)
Format: Knjiga
Jezik:španščina
Izdano: México : Aldus, 1994, c1994
Serija:(Los Poetas Aldus)
Teme:
Oznake: Označite
Brez oznak, prvi označite!

MARC

LEADER 00000nam^a2200000^a^4500
001 000144453
005 20250521000000.0
009 20260310095800.476
020 |a 968-6830-21-9 
037 |a Acervo ITESO - Biblioteca 
041 |a ESP 
082 |a 861.  |b ALE 
100 |a Alemany, Rodrigo  |e (autor) 
245 1 0 |a Viajero número 5 /  |c R. Alemany. 
264 4 |a México :  |b Aldus,  |c 1994, c1994 
300 |a 74 p. 
336 |a texto  |b txt  |2 rdacontenido 
337 |a sin mediación  |b n  |2 rdamedio 
338 |a volumen  |b nc  |2 rdasoporte 
440 5 |a (Los Poetas Aldus) 
520 |a Primer libro de poesía de Rodrigo Alemany (1969), escritor chileno afincado en la ciudad de México y quien ha publicado en la Gaceta del Fondo de Cultura Económica, Los Universitarios y Comala. Hoy día, es colaborador en la sección cultural del diario el Financiero. 
649 |a XX 
650 |a Poesía Chilena 
650 |a Literatura Chilena -  |y Siglo XX 
910 |a Fondo General 
920 |a Impresos - Libros 
930 |a Colección General 
940 |a Literatura 
905 |a 101 
901 |a 0500073200  |b IT1  |c LIT  |u 20250521 
902 |a https://opac.biblio.iteso.mx/vufind/Record/000144453